| 000 | 00835cam a22002535a 4500 | ||
|---|---|---|---|
| 001 | 016814256 | ||
| 003 | OSt | ||
| 005 | 20160721134319.0 | ||
| 008 | 140804s2014 nyu frb 001 0 eng d | ||
| 020 | _a9781107438583 (pbk.) | ||
| 040 |
_aStDuBDS _beng _cStDuBDS _dEG-ScBUE |
||
| 082 | 0 | 4 |
_222 _a346.41022 _bCOM |
| 245 | 0 | 0 |
_aCommercial contract law : _btransatlantic perspectives / _cedited by Larry A. DiMatteo ... [et al.] |
| 260 |
_aNew York : _bCambridge University Press, _c2014. |
||
| 300 |
_axxviii, 594 p. ; _c23 cm. |
||
| 500 | _aIndex : p. 581-594. | ||
| 504 | _aIncludes bibliographical references. | ||
| 650 | 7 |
_aContracts _zGreat Britain. _2BUEsh _940386 |
|
| 650 | 7 |
_aContracts _zUnited States. _2BUEsh _940387 |
|
| 651 | _2BUEsh | ||
| 653 |
_bLLAAWW _cJuly2016 |
||
| 700 | 1 |
_aDiMatteo, Larry A., _eeditor. |
|
| 942 | _2ddc | ||
| 999 |
_c22000 _d21972 |
||